00429nam a2200145Ia 4500008004100000100002100041245004200062260001200104260001900116260000900135300000900144942000700153952010600160999001700266090707b ii f a fnsan d aJeet Singh94903 aSamkali Punjabi Galp:bVibhin Sarokar aPatiala bGracious Books c2017 a128p cBK 001040708PunaRNLbRNLcGENd2018-10-02eDDCg225.00l0p60361r2018-10-02v225.00w2018-10-02yBK c27221d27221